Zákon o dani z príjmov - komentár
Komentár k zákonu č. 595/2003 Z.z. o dani z príjmov, novelizovanému siedmimi novelami z roku 2004. Komplexné príklady.
Saved in:
| Main Author: | |
|---|---|
| Other Authors: | , |
| Format: | Book Chapter |
| Language: | Slovak |
| Subjects: | |
| Tags: |
No Tags, Be the first to tag this record!
|
MARC
| LEADER | 00000naa$a2200000$$$4500 | ||
|---|---|---|---|
| 001 | 0025839 | ||
| 005 | 20231114082940.6 | ||
| 041 | 0 | |a slo | |
| 044 | |a SK | ||
| 245 | 1 | 0 | |a Zákon o dani z príjmov - komentár |c Mária Bieliková, Svetlana Faiglová, Ján Pohlod |
| 520 | |a Komentár k zákonu č. 595/2003 Z.z. o dani z príjmov, novelizovanému siedmimi novelami z roku 2004. Komplexné príklady. | ||
| 610 | 2 | 0 | |a zákony |
| 610 | 2 | 0 | |a Slovensko |
| 610 | 2 | 0 | |a dane z príjmov |
| 610 | 2 | 0 | |a komentáre |
| 610 | 2 | 0 | |a 2003-2004 |
| 100 | 1 | |a Bieliková, Mária | |
| 700 | 1 | |a Faiglová, Svetlana | |
| 700 | 1 | |a Pohlod, Ján | |